[Event "Corus-C"]
[Site "Wijk aan Zee"]
[Date "2006.01.15"]
[Round "2"]
[White "Atalik, Ekaterina"]
[Black "Werle, Jan"]
[Result "0-1"]
[WhiteElo "2399"]
[BlackElo "2514"]
[Annotator "Ribli,Z"]
[PlyCount "72"]
[EventDate "2006.01.14"]
[EventType "tourn"]
[EventRounds "13"]
[EventCountry "NED"]
[EventCategory "9"]
[SourceTitle "CBM 111"]
[Source "ChessBase"]
[SourceDate "2006.04.04"]
[SourceVersion "1"]
[SourceVersionDate "2006.04.04"]
[SourceQuality "1"]

1. d4 Nf6 2. c4 e6 3. g3 d5 4. Bg2 Be7 5. Nf3 O-O 6. O-O dxc4 7. Qc2 a6 8. Qxc4
b5 9. Qc2 Bb7 10. Bd2 Nbd7 11. Ba5 Rc8 12. Nbd2 Qe8 {Die schwarze Dame geht
aus der Fesselung auf der a5-d8 Diagonale, um c7-c5 vorzubereiten.} (12... Nb8)
13. b4 Bd6 (13... Nd5) (13... Nb8 14. a3 Nc6 15. Nb3 Bd6 {[%cal Ge6e5]}) 14.
Rac1 {Dieser Zug scheint mir ein wenig schablonenhaft, der direkte Vorstoss im
Zentrum mit 14.e4 bietet Weiß die Möglichkeit, das Zentrum zu beherrschen.} (
14. e4 e5 15. Rae1 g6 16. Nb3 Nh5 17. dxe5 Bxe5 18. Bh3 (18. Nxe5 $5) 18... f5
19. exf5 Bxf3 20. Re3 Ba8 21. Nc5 Nb6 22. fxg6 Qc6 {0-1 Ivanisevic,
I-Maksimenko,A/Jahorina 2003/(39)}) (14. Rfe1 Qe7 15. a3 Rfe8 (15... g6 16.
Rac1 Rfe8 17. Qb2 Ba8 18. e4 e5 19. Bh3 Rcd8 20. d5 {1-0 Podzielny,
K-Chudinovskih,A/Schwaebisch Gmuend 1998/EXP 62 (34)}) 16. Rac1 Ba8 17. Qb1 (
17. e4 $5 e5) 17... e5 18. Nxe5 Nxe5 19. dxe5 Bxe5 20. Bxa8 Rxa8 21. Nf3 Rac8
22. Rc6 {0-1 Fomichenko,E-Moiseenko,A/Krasnodar 1999/(33)}) 14... e5 {[%mdl 4]
Da c7-c5 von Weiß verhindert wurde, muss Schwarz nun einen anderen Plan wählen.
} (14... Qe7 15. a3 e5 16. dxe5 Nxe5 17. Nxe5 Bxg2 18. Kxg2 Qxe5 19. Nf3 Qe6 {
0-1 Angskog,K-Ahlander,B/Stockholm 2001/(59)}) (14... Nd5 15. a3 e5 16. dxe5
Nxe5 17. Nxe5 Qxe5 18. Ne4 Rfe8 19. Rfd1 Nb6 20. Nf6+ Qxf6 21. Bxb7 Rb8 22.
Bxb6 Rxb7 23. Qc6 Reb8 24. Be3 {1-0 Murugan,K-Hunt,H/London Lloyds 1994/EXP 43
(36)}) 15. dxe5 $6 {Mit diesem Tausch verbessert Weiß das gegnerische
Figurenspiel.} (15. e3 Qe7 (15... exd4 16. exd4 $14 {[%cal Gf1e1,Ge1e8]}) 16.
a3) 15... Nxe5 16. Bh3 (16. Nxe5 Bxg2 17. Kxg2 Qxe5 18. Nf3 Qh5 $15 {[%csl Ra5]
[%cal Gc7c5]}) 16... Nc6 $5 {[%csl Ra5][%cal Gc6a5][%mdl 512] Schwarz
beschäftigt sich nicht mit der Verteidigung des Turms, sondern opfert die
Qualität. Im Gegenzug beherrscht er die weißen Felder.} (16... Neg4) 17. Bxc8
Qxc8 $44 {[%cal Gc8h3,Gb7h1]} 18. e4 (18. a4 Nxa5 19. bxa5 b4 20. Nc4 Bc5 21.
Nce5 Bd6 22. Nc6 (22. Nc4) 22... Re8 $44) 18... Qh3 {[%csl Rg1,Gh3][%cal Gf6g4]
Nach 18....Dh3 droht 19.... Sg4.} 19. Rfe1 Ng4 {Nach diesem Zug muss Weiß mit
20...Nd4 rechnen.} 20. Nf1 f5 $6 {Dieser interessanter Zug führt zu großen
Komplikationen, jedoch bietet er Weiß "überflüssige" Gegenchancen. Nach meiner
Meinung wäre es besser auf b4 zu nehmen.} (20... Nxb4 21. Bxb4 (21. Qb3 Nc6 $36
) 21... Bxb4 22. Qxc7 Bxe1 23. Rxe1 Ba8 $11) 21. Qb3+ (21. Ng5 $5 Qh5 22. f4)
21... Kh8 22. Ng5 Qh5 23. Ne6 (23. f4 fxe4 24. Nxe4 Be5 $1 $36 {[%csl Rg1]
[%cal Ge5d4,Gd4g1]} (24... Nxa5 25. bxa5 Bxe4 26. Rxe4 Bc5+ 27. Kg2 Nf2 28.
Rxc5 Qxc5 29. Re5 Qd4 30. Rd5 $18) 25. fxe5 Nd4 26. Qb2 Nf3+) 23... Nxa5 24.
bxa5 Rf6 25. f4 $2 (25. Nc5 Bxe4 (25... Nxh2 $2 26. Nxh2 Bxc5 (26... Rh6 27.
Nxb7 Qxh2+ 28. Kf1 $18) 27. Rxc5 Rh6 28. Qf3 Qxh2+ 29. Kf1 $18) 26. h4 $44 (26.
Nxe4 $2 fxe4 $17 {[%csl Rf2][%cal Rf6f2,Rg4f2,Gd6c5,Gc5f2]}) 26... Ne5 27. Nd2
Bc6) 25... fxe4 26. Ng5 e3 (26... Nf2 $1 27. Kxf2 Qxg5 $40) 27. Qc2 Nf2 28.
Rxe3 Qxg5 29. Kxf2 (29. fxg5 $4 Nh3#) 29... Qd5 30. a3 $6 (30. Qd2 $142) 30...
Rf8 31. Ke1 b4 {[%csl Ra3,Ra5,Gb7,Gd5,Gd6,Re1][%cal Gd5a5] Schwarz hat
ausgezeichnete Figurenspiel, sein Läuferpaar ist stark. Die beiden weißen
Bauern am Damenflügel sind angegriffen. Das Hauptproblem von Weiß besteht
jedoch in der zentralen Stellung seines Königs.} 32. Rd1 (32. Qc4 Qxa5 33. axb4
Bxb4+ 34. Kf2 Bd6 $36) 32... Qxa5 33. axb4 $6 (33. Rxd6 cxd6 34. Qd2) 33...
Bxb4+ 34. Ke2 (34. Kf2 Bc5) 34... Qh5+ $19 {[%csl Gb4,Gb7,Gh5][%cal Rh5e2]} 35.
Kf2 Bc5 {[%csl Re3][%cal Rc5f2]} 36. Rdd3 Be4 0-1

[Event "Capablanca Memorial Elite 33rd"]
[Site "Havana"]
[Date "1998.05.10"]
[Round "3"]
[White "Nogueiras Santiago, Jesus"]
[Black "Morovic Fernandez, Ivan"]
[Result "1/2-1/2"]
[WhiteElo "2520"]
[BlackElo "2600"]
[Annotator "Ribli,Z"]
[PlyCount "122"]
[EventDate "1998.05.07"]
[EventType "tourn"]
[EventRounds "11"]
[EventCountry "CUB"]
[EventCategory "12"]
[SourceTitle "CBM 065"]
[Source "ChessBase"]
[SourceDate "1998.08.06"]
[SourceVersion "1"]
[SourceVersionDate "1998.08.06"]
[SourceQuality "1"]

1. Nf3 Nf6 2. c4 e6 3. g3 d5 4. Bg2 Be7 {Das ist eine sichere Fortsetzung. Die
Alternative 4...dxc4 wird häufig gespielt. Ribli.} 5. d4 O-O 6. O-O dxc4 7. Qc2
a6 (7... b5 $2 8. a4 c6 9. axb5 cxb5 10. Ng5 $18 {Eine bekannte Falle: Weiß
steht auf Gewinn, denn auf 10...Nd5 folgt 12.Qxh7#.}) 8. Qxc4 {Diese
natürliche Antwort ist heutzutage selten. 8.a4 ist in Mode.} b5 9. Qc2 Bb7 {
Das ist die schwarze Hauptstrategie. Er hat einen guten Läufer auf b7 und
möchte mit ...c7-c5 Ausgleich erreichen.} 10. Bf4 (10. Bd2 {[%cal Gd2a5]}) (10.
Bg5) 10... Nd5 {Meines Erachtens bietet die Alternative 11...Nc6 mit der Idee
12...Nb4 und 13...c5 dem Schwarzen bessere Ausgleichschancen.} 11. Nc3 Nxf4 12.
gxf4 {[%csl Yc5,Ye5] Auf den ersten Blick scheint Schwarz mit dem Läuferpaar
und gegen die weißen Doppelbauern ausgezeichnet zu stehen, aber in
Wirklichkeit kann Weiß die weißfeldrigen Läufer tauschen, wonach
Felderschwächen am schwarzen Damenflügel zurückbleiben.} Nd7 13. Rfd1 {[%csl
Gd1,Rd8][%cal Gd1d8]} Qc8 (13... Bxf3 14. Bxf3 Rb8 15. e3 Nf6 16. Rac1 Qd6 17.
Ne2 Rfc8 18. e4 Qd7 19. d5 exd5 20. e5 Ne8 21. Rxd5 Qh3 22. Bg2 Qh4 23. Nd4
Qxf4 24. Nc6 {1-0 Kramnik,V-Svidler,P/Linares 1998 (28)}) 14. Rac1 $14 {
[%csl Gc1,Gc2,Yc5,Ye5] Das ist eine seltene, aber keineswegs schlechte
Fortsetzung.} (14. Ne4 f5 (14... c5 15. Nxc5 Nxc5 16. dxc5 Qxc5 17. Qxc5 Bxc5
18. Ne5 Bxg2 19. Kxg2 Rfc8 20. Rac1 Rc7 21. e3 Rac8 22. Rd7 a5 23. b3 f6 24.
Rxc7 {1/2-1/2 Gavrikov,V-Azmayparashvili,Z/USSR 1981 (41)}) 15. Nc5 Nxc5 16.
dxc5 Be4 17. Qb3 c6 18. Ne5 Bd5 19. Qe3 Bf6 20. Rd2 Qc7 $10 {Ricardi,P-Granda
Zuniga,J/Buenos Aires 1991}) (14. a4 bxa4 15. Nxa4 Rb8 16. Rac1 Bd6 17. e3 Nf6
18. Nc5 Bxc5 19. Qxc5 Bd5 20. Qxc7 {1/2-1/2 Sosonko,G-Rausis,I/Viking op 1997})
(14. f5 exf5 15. Qxf5 Nf6 16. Qxc8 Raxc8 $11) 14... Ra7 $146 {Ein nur auf den
ersten Blick unnatürlicher Zug, denn Schwarz kann nach eventuellem ...c7-c5
mit ...Rc7 fortsetzen.} (14... c5 15. dxc5 Nxc5 16. Qb1 Rd8 17. b4 Na4 18.
Rxd8+ Qxd8 19. Nxa4 bxa4 20. Ne5 Bxg2 21. Kxg2 Rc8 22. Rxc8 Qxc8 23. Qe4 Bd6
24. Nc4 Bf8 25. a3 {1-0 Kurajica,B-Gavric,M/Banja Luka 1985 (38)}) 15. Ne5 (15.
Ne4 $14 {[%csl Yc5]}) 15... Bxg2 (15... c5 $2 16. Nxd7 Qxd7 17. dxc5 $16 {
[%cal Rd1d7]}) 16. Kxg2 c5 (16... Nxe5 17. fxe5 (17. dxe5 c5 $13) 17... c5 18.
dxc5 {bedeutet nur Zugumstellung.}) (16... Qb7+ 17. Qe4 Nxe5 18. fxe5 $14) 17.
dxc5 Nxe5 (17... Bxc5 $2 18. Rxd7 Rxd7 19. Ne4 $18 {[%csl Gc1,Gc2,Rc5,Rc8]
[%cal Rc1c5,Re5d7]}) 18. fxe5 Bxc5 19. Ne4 {[%csl Gc1,Gc2,Yd6,Ge4]} Qa8 {
[%cal Ga8g2]} (19... Qb7 {[%csl Ra7]}) 20. Kg1 (20. Kg3) (20. Kf3 $6 Rc7 $15 {
[%cal Gc7c1]}) (20. f3 $2 Be3 $15 {[%csl Rc1,Ge3]}) 20... Be7 21. Qc6 $1 Qxc6
22. Rxc6 {[%csl Gc6,Gd1,Ge4,Ge5] Weiß kontrolliert die beiden offenen Linien,
sein Springer steht aktiv und das Feld d6 ist schwach. Andererseits weist die
schwarze Stellung noch keine besonderen Schwächen auf.} Rfa8 23. Nd6 {[%csl
Gc6,Gd1,Gd6]} Kf8 (23... Rd8 {[%cal Gd8d1]}) 24. Nc8 {[%csl Ra7,Ra8,Gc6,Gc8]
Der weiße Springer legt den schwarzen Damenflügel lahm.} Rb7 25. Kg2 {[%cal
Rg2f3,Rf3e4]} Ke8 26. Rdc1 {[%csl Gc1,Gc6,Gc8]} (26. Kf3 Rd7 27. Rdc1 $14)
26... a5 27. Kf3 {[%csl Gc1,Gc6,Gc8,Ge5,Gf3] Der weiße König strebt ins
Zentrum.} Rab8 28. Ke4 Rd7 {[%cal Gd7d2,Gd2a2,Gd2h2]} 29. Nd6+ (29. R1c2) 29...
Bxd6 (29... Kf8 30. Rc8+ Rd8 31. Rxb8 Rxb8 32. Rc7 $14) (29... Kd8 $2 30. Rc8+
Rxc8 31. Rxc8#) 30. exd6 {[%csl Gc1,Gc6,Gd6]} f6 $8 {Schwarz muß so spielen,
sonst kommt 31.Ke5.} 31. Kd4 b4 32. f4 Rdb7 (32... Rb5 {[%cal Rb5d5,Rd6d4,
Rd5d6]} 33. e4 $16 (33. Rc8+ Kf7 {[%csl Rd4,Rd6]} (33... Rd8 34. e4 $11) 34.
R1c7 Rd5+ {[%csl Rd6]} 35. Kc4 R5xd6 $15)) 33. e4 Rb5 34. R1c5 $16 {[%csl Gc5,
Gc6,Gd4,Gd6] Weiß kontrolliert die einzige offene Linie und entfaltet so
gewaltigen positionellen Druck.} (34. e5 {[%csl Gd6,Ge5,Gf4]} Rd5+ 35. Ke4 Rd2
(35... fxe5 36. fxe5 Rbb5 37. Rc8+ Kf7 38. R1c7+ Kg6 39. d7 Rxe5+ 40. Kf3 (40.
Kd4 Rbd5+ 41. Kc4 Re4+ 42. Kb3 Red4 $17 {[%csl Rd7]}) 40... Rf5+ 41. Kg2 Rg5+
42. Kh1 Rbf5 43. Rc1 $18) (35... f5+ 36. Ke3 $16) 36. R1c2 $14) 34... Kd8 35.
Rc8+ $6 {Es ist nicht logisch, daß Weiß freiwillig die Türme tauscht.} (35. e5
$16 {[%csl Gd6,Ge5,Gf4]}) (35. h4 $16 {und Weiß gewint Raum am Königsflügel.})
35... Rxc8 36. Rxb5 Rc2 $132 {[%csl Gc2][%cal Rc2h2,Rc2a2]} 37. e5 fxe5+ 38.
fxe5 Rxb2 39. Rxa5 Rxh2 40. Ra7 $14 {[%csl Ga7,Gd4,Gd6,Rd8,Ge5] In
Turmendspielen ist die Qualität der Bauern zwar in der Tat bedeutender als
ihre Anzahl und die weißen Figuren stehen äußerst aktiv, aber im Turmendspiel
muß stets mit Remiswendungen gerechnet werden.} Rd2+ 41. Kc5 g5 $8 {Schwarz
mobilisiert die letzten Reserven.} (41... Rd5+ $2 42. Kc6 {und Weiß gewinnt,
denn es gibt kein Turmschach von hinten.} Ke8 (42... Rxe5 43. Ra8#) 43. Ra8+
Kf7 44. d7 $18) 42. Rxh7 (42. Kxb4 Rd5 $11 {[%csl Gd5,Re5]}) 42... Rxa2 43.
Kxb4 Re2 {[%csl Re5]} 44. Kc5 g4 (44... Rxe5+ $2 45. Kc6 $18 {[%csl Gc6,Gd6,
Rd8,Re5,Gh7][%cal Rh7h8,Rh8d8]}) 45. Rg7 (45. Kc6 Rc2+ {Und Weiß kann nichts
erreichen.}) 45... Re4 $11 {[%csl Ge4,Gg4] Weiß entfaltet große Aktivität und
Schwarz muß praktisch "ohne König " spielen, aber mit präzisem Spiel er kann
das Remis noch erreichen.} (45... Rxe5+ $2 46. Kc6 $18 {[%csl Rd8][%cal Rg7g8,
Rg8d8]}) 46. Kb5 Rf4 (46... Rxe5+ $2 47. Kc6) 47. Kc5 Re4 48. Kb5 Rd4 (48...
Rf4 $11) 49. Rg6 (49. Kc6 Rc4+ $11) 49... Kd7 (49... Rd5+ $2 50. Kc6 $18) 50.
Rg5 Kd8 (50... Re4 $11) 51. Kc5 Re4 52. Rh5 (52. Rg7 Rf4 $11) 52... Kd7 53.
Rh7+ Kd8 {Wir haben eigentlich die gleiche Stellung wie vor 8 Zügen.} 54. Ra7 (
54. Re7 $2 Rxe5+ 55. Kc6 Re1 {[%csl Re7]}) 54... Re1 $1 (54... g3 $6 55. Rg7 (
55. d7 $2 {[%cal Rc5d6,Rd6e6]} g2 56. Ra1 (56. Kd6 Rd4+ 57. Kxe6 g1=Q 58. Ra8+
Kc7 $19) 56... Kxd7 $19 {[%csl Rc5,Re5]}) 55... Re3 56. Kd4 Ra3 57. Ke4 Ra4+
58. Ke3 Ra3+ 59. Kf4 $16) (54... Rxe5+ $2 55. Kc6 $18) 55. Ra8+ Kd7 56. Ra7+
Kd8 57. Kd4 (57. Rg7 Re4 $11) 57... g3 (57... Re2 58. Rg7 Rg2 59. Ke4 $16) 58.
Rg7 Rg1 {[%csl Gg1,Gg3] Schwarz droht 59...g2 nebst 60...Rd1+.} 59. Ke3 Re1+
60. Kf4 (60. Kd4 Rg1 $11) 60... Rf1+ 61. Ke4 (61. Kxg3 $4 Rg1+ $19 {[%cal
Rg1g7]}) 61... Re1+ {und in gleicher Stellung wurde remis gegeben.} (61... Re1+
62. Kf4 (62. Kf3 Rxe5 63. Kxg3 Rd5 $11) 62... Rf1+ $11) 1/2-1/2

[Event "Corus"]
[Site "Wijk aan Zee"]
[Date "2006.01.25"]
[Round "10"]
[White "Gelfand, Boris"]
[Black "Karjakin, Sergey"]
[Result "1/2-1/2"]
[WhiteElo "2723"]
[BlackElo "2660"]
[Annotator "Ribli,Z"]
[PlyCount "44"]
[EventDate "2006.01.14"]
[EventType "tourn"]
[EventRounds "13"]
[EventCountry "NED"]
[EventCategory "19"]
[SourceTitle "CBM 111"]
[Source "ChessBase"]
[SourceDate "2006.04.04"]
[SourceVersion "1"]
[SourceVersionDate "2006.04.04"]
[SourceQuality "1"]

1. d4 Nf6 2. c4 e6 3. g3 d5 4. Bg2 Be7 5. Nf3 O-O 6. O-O dxc4 7. Qc2 a6 8. Qxc4
b5 9. Qc2 Bb7 10. Bd2 Ra7 {Dieser prophylaktische Turmzug ist heutzutage
modern; ebenfalls spielbar ist 10...Nbd7, wie in der Partie Gelfand,B - Leko,P
im gleichen Turnier (1. Runde).} 11. Rc1 Be4 12. Qb3 Nc6 (12... Nbd7 13. Ba5
Qb8 14. Qe3 (14. Nbd2 Ba8 $1 15. Bb4 c5 $1 16. Bxc5 Nxc5 17. dxc5 Rc8 18. Qa3
Rac7 $1 {1/2-1/2 Gelfand,B-Vescovi,G/Bermuda 2005/(22)}) 14... Ba8 (14... b4
15. Nbd2 Ba8 16. Nb3 Rc8 17. Rc2 Be4 18. Ne5 Bxg2 19. Nxd7 Nxd7 20. Kxg2 Qb5
21. Rac1 $14 {1-0 Rotstein,A-Boensch,U/Fuerstenfeld 2005 (32)}) 15. b4 $14 {
[%csl Gb4,Yc5]} Bd6 16. Nbd2 {[%cal Gd2b3,Gb3c5]} Nb6 {[%cal Gb6c4]} (16... Re8
{Ftacnik} 17. Qb3 Bd5 $11) 17. Rc2 Bd5 18. Rac1 {[%cal Gc1c8]} Qb7 19. Ne1 Bxg2
20. Nxg2 {1-0 Johannessen,L-Vaganian,R/Germany 2005/CBM 106/[Ribli] (37)}) 13.
e3 Qa8 $146 {[%cal Ga8g2][%mdl 4] Schwarz besitzt eine starke Batterie auf der
a8-h1 Diagonalen.} (13... b4 14. Be1 Bd5 15. Qd1 Qa8 16. Nbd2 {1/2-1/2 Pieper
Emden,C-Flear,G/Buende 1985/EXT 2001 (16)}) 14. Qd1 Nb8 $1 {[%mdl 32] "Der
Mohr hat seine Schuldigkeit getan, der Mohr kann gehen". Die Idee des Zuges 12.
..Nc6 war die Provozierung von 13.e3. Der Plan ist nun, den Springer nach d7
zu ziehen, um den Zug c7-c5 zu unterstützen wonach Schwarz Ausgleich erlangt.}
15. Ba5 (15. Nc3 Bb7) 15... Rc8 16. Nbd2 Bd5 17. Nb3 {[%cal Gb3c5]} (17. Bb6
Rb7 18. Bc5 Bxc5 19. Rxc5 (19. dxc5 $5) 19... Nbd7 20. Rc2 c5 21. dxc5 Rxc5 22.
Rxc5 Nxc5 $11) 17... Nbd7 {[%cal Gc7c5]} 18. Rc2 (18. Nc5 $6 Nxc5 19. dxc5 Rd8
20. Qe2 Ne4 {[%cal Ge4g5,Ge4c5]}) 18... Be4 (18... c5 19. dxc5 Nxc5 20. Rac1
Nfd7 21. Nbd4) 19. Rc3 Nd5 20. Rcc1 N5f6 21. Rc3 Nd5 22. Rcc1 N5f6 1/2-1/2

[Event "Donetzk zt"]
[Site "Donetsk"]
[Date "1998.11.04"]
[Round "3"]
[White "Kopylov, Michael"]
[Black "Mikhaletz, Lubomir"]
[Result "1-0"]
[WhiteElo "2385"]
[BlackElo "2495"]
[Annotator "Ribli,Z"]
[PlyCount "61"]
[EventDate "1998.11.02"]
[EventType "swiss"]
[EventRounds "11"]
[EventCountry "UKR"]
[SourceTitle "CBM 068"]
[Source "ChessBase"]
[SourceDate "1999.02.01"]
[SourceVersion "1"]
[SourceVersionDate "1999.02.01"]
[SourceQuality "1"]

1. d4 Nf6 2. c4 e6 3. g3 d5 4. Bg2 Be7 5. Nf3 O-O 6. O-O dxc4 7. Qc2 a6 8. Qxc4
{Das ist die alte Fortsetzung. Heutzutage wird 8.a4 häufiger gespielt. Ribli.}
b5 9. Qc2 Bb7 10. Bg5 {[#]Meines Erachtens bietet dieser Zug dem Weißen keinen
Eröffnungsvorteil.} Nc6 $6 {[%csl Rc6] Der Springer steht ein wenig
unnatürlich auf c6. Die Alternative ...Nbd7 scheint mir besser.} (10... Nbd7 $5
11. Nbd2 Rc8 12. Bxf6 Nxf6 13. Nb3 c5 14. dxc5 Bd5 $11) 11. Bxf6 {Das ist
weiße Hauptidee in der 10.Bg5-Variante. Weiß gibt den Läufer auf und kann mit
folgendem Nb1-d2-b3 die Ausgleichmöglichkeit ...c7-c5 verhindern.} (11. Rd1 Nb4
12. Qc1 Rc8 13. Nc3 (13. Bxf6 Bxf6 14. a3 Nd5 15. e4 Nb6 16. Nc3 Qe8 17. b4 {
1/2-1/2 Quinteros,M-Velimirovic,D/Moscow 1982/IZT (49)}) 13... Nbd5 14. Nxd5
Bxd5 15. Bxf6 Bxf6 16. Qf4 Qd6 17. Qxd6 cxd6 18. Ne1 Bxg2 19. Kxg2 Rc4 {
1/2-1/2 Hansen,L-Blatny,P/Groningen 1986/EXT 97 (46)}) 11... Bxf6 12. Rd1 {
[%cal Gd1d8]} (12. e3) 12... Nb4 {Schwarz aktiviert seinen Springer, kommt
aber nicht zum Ausgleichszug ...c7-c5.} (12... Qd6 13. Nc3 {[%cal Gc3e4,Ge4d6,
Ge4c5]} (13. e4 Rad8 $1 {[%csl Rd4][%cal Rd8d1]} (13... Bxd4 14. e5 {[%csl Rb7,
Gd1,Rd4,Rd6,Gg2][%cal Rd1d6,Rg2b7]} Qb4 (14... Qc5 15. Nxd4 $18) 15. a3 Qxb2
16. Nxd4 $16)) 13... Nb4 14. Qb3 $14 (14. Qb1)) 13. Qb3 Nd5 (13... Qe7 14. a3 (
14. Nc3 c5 15. dxc5 Qxc5 16. Rac1) 14... Nc6 15. Nc3 Rfd8 16. e3 Na5 17. Qc2 c5
18. Ne4 cxd4 19. Nxf6+ Qxf6 20. Nxd4 Bxg2 21. Kxg2 Rac8 22. Qe4 Nc4 23. b3 Nd6
24. Qf3 e5 25. Qxf6 gxf6 26. Ne2 Ne4 {0-1 Brezovar,M-Samaritani,F/Bled 1998/
EXT 99 (62)}) 14. Nbd2 $14 {[%csl Yc5][%cal Gd2e4,Ge4c5] Weiß hat eine bequeme
Stellung. Er hat Übergewicht im Zentrum und kann es mit dem Plan Nd2-e4-c5
nutzen. Schwarz kann die Stellung nicht für sein Läuferpaar öffnen.} Nb6 {
Schwarz verhindert sofortiges 15.Ne4.} 15. Qc2 {[%cal Gc2h7]} g6 {Schwarz
verhindert die eventuelle Drohung Ng5.} (15... Rc8 $2 16. Ng5 {[%cal Rc2h7,
Rg2b7]} Bxg5 17. Bxb7 $16 {[%cal Rb7c8,Rb7a6]}) 16. Nb3 {[%csl Yc5][%cal Gb3c5,
Gb3a5]} a5 17. Nc5 {[%csl Gc5] [#]} Bxf3 $8 {Schwarz hat nichts besseres, er
muß den Läufer abgeben.} (17... Bc6 $2 18. Nxe6 $16 {[%cal Rc2c6]}) 18. Bxf3 {
[%csl Gc5,Gf3]} Ra7 (18... Nd5 $2 19. e4 Nb4 (19... Nb6 20. e5 $18 {[%cal
Re5f6,Rf3a8]}) 20. Qc3 {[%csl Rb4][%cal Re4e5,Rf3a8,Re5f6]} Bg7 21. a3 Na6 (
21... Nc6 22. e5 $18 {[%csl Rc6][%cal Rf3a8]}) 22. e5 {[%cal Rf3a8]} Ra7 23.
Qxa5 $16) 19. Bc6 {[%csl Rb5,Gc5,Gc6] Weiß entfaltet starken positionellen
Druck am Damenflügel.} b4 20. Rac1 Qe7 (20... Bg7) 21. Bg2 Rd8 {[%csl Ra7]
[%cal Rd8d4] Der a7-Turm steht schrecklich schlecht, so aktiviert Schwarz den
anderen Turm.} 22. e3 Bg7 23. Qe2 {[%csl Rc7][%cal Gc5a6,Ga6c7] Weiß bereitet
den Springerzug Na6 vor, um den schwachen Bauern c7 zu belagern.} e5 24. d5 $16
(24. dxe5 $6 Rxd1+ 25. Qxd1 Bxe5 $14 {Weiß hat noch positionellen Druck, aber
Schwarz etwas Gegenspiel dank seines Läufers.}) 24... Nc8 25. Na6 {[%csl Ga6,
Gc1,Rc7][%cal Gc1c7]} e4 $6 {[%cal Gg7b2]} (25... Nd6 26. Rc6 $16 {Und Weiß
droht Rdc1 und Qc2 zu spielen.}) 26. Nb8 {[%csl Rc6][%cal Rb8c6,Rc6e7,Rc6a7]
Nach diesem Zug gewinnt Weiß die Qualität.} Rd6 27. Nc6 {[%cal Rc6e7,Rc6a7]}
Rxc6 28. Rxc6 $18 {[%csl Rc7]} (28. dxc6 $6 Nd6) 28... f5 (28... Nd6 29. Rdc1 {
[%csl Rc7][%cal Re2c2,Rc1c7]}) 29. Qb5 {[%cal Rb5b8,Rb8c8,Rb8a7]} Bf8 30. Qb8 {
[%csl Gb8] Die weiße Dame bindet alle schwarzen Figuren.} Qe8 31. Rdc1 {
[%csl Rc7] Schwarz muß aufgeben, denn er verliert weiteres Material.} (31. Rdc1
Bd6 32. Rxd6 Nxd6 (32... cxd6 33. Rxc8 $18) 33. Qxa7 $18) (31. Rxc7 Rxc7 32.
Qxc7 Nd6 33. Qxa5 $18) 1-0